[Event "GER-ch U10"]
[Site "Willingen"]
[Date "2015.05.29"]
[Round "10"]
[White "Bashylina, Luisa"]
[Black "Youness, Sali"]
[Result "1-0"]
[WhiteElo "1223"]
[BlackElo "897"]
[PlyCount "159"]
[EventDate "2015.05.24"]
[EventType "swiss"]
[EventRounds "11"]
[EventCountry "GER"]
[SourceTitle "CBM 166 Extra"]
[Source "ChessBase"]
[SourceDate "2015.06.18"]
[SourceVersion "1"]
[SourceVersionDate "2015.06.18"]
[SourceQuality "1"]

1. e4 e5 2. Nf3 Nc6 3. d4 exd4 4. Nxd4 Bc5 5. Be3 Qf6 6. c3 Nge7 7. Bc4 0-0 8. 0-0 d6 9. f4 Qg6 10. Nd2 Kh8 11. Qe2 f5 12. Bf2 fxe4 13. Nxe4 Rxf4 14. Ng3 Bxd4 15. cxd4 Nxd4 16. Bxd4 Rxd4 17. Qxe7 h6 18. Qxc7 Be6 19. Bxe6 Qxe6 20. Qxb7 Qe3+ 21. Kh1 Rg8 22. Qxa7 Qe5 23. Qf7 Qb5 24. b3 Qc6 25. Qf3 Qc5 26. Ne4 Qe5 27. Ng3 Qb5 28. Nf5 Rd3 29. Qf2 Rf8 30. Qc2 Rd5 31. Ne3 Rxf1+ 32. Rxf1 Kg8 33. Qc4 Qxc4 34. Nxc4 Rd4 35. h3 h5 36. Rf3 h4 37. Kg1 Rd1+ 38. Kf2 Rc1 39. a4 Rc2+ 40. Kg1 Rc1+ 41. Rf1 Rc3 42. Rb1 d5 43. Ne5 d4 44. Kf2 d3 45. Ke1 g5 46. Kd2 Rc2+ 47. Kxd3 Rxg2 48. a5 Rg3+ 49. Kc4 Rxh3 50. a6 Re3 51. a7 Re4+ 52. Kc3 Re3+ 53. Kb2 Re2+ 54. Ka3 Rxe5 55. a8Q+ Kg7 56. Qb7+ Kh6 57. Qf7 Ra5+ 58. Kb4 Ra6 59. Kb5 Rd6 60. Qf8+ Kh5 61. Qxd6 h3 62. Rh1 Kh4 63. Qh2 g4 64. Qf4 Kh5 65. Rxh3+ gxh3 66. Qh2 Kh4 67. Kc5 Kg4 68. Kd4 Kh4 69. Ke3 Kg4 70. Qf4+ Kh5 71. Qg3 h2 72. Qxh2+ Kg4 73. Qf4+ Kh5 74. Qg3 Kh6 75. Qg4 Kh7 76. Qg5 Kh8 77. Kf4 Kh7 78. Kf5 Kh8 79. Kf6 Kh7 80. Qg7# 1-0

[Event "GER-ch U10"]
[Site "Willingen"]
[Date "2015.05.27"]
[Round "7"]
[White "Youness, Sali"]
[Black "Gossing, Marie Sophie"]
[Result "1-0"]
[WhiteElo "897"]
[BlackElo "762"]
[PlyCount "41"]
[EventDate "2015.05.24"]
[EventType "swiss"]
[EventRounds "11"]
[EventCountry "GER"]
[SourceTitle "CBM 166 Extra"]
[Source "ChessBase"]
[SourceDate "2015.06.18"]
[SourceVersion "1"]
[SourceVersionDate "2015.06.18"]
[SourceQuality "1"]

1. e4 e5 2. Nf3 Nc6 3. Bc4 Bc5 4. Nc3 Nf6 5. d3 h6 6. Be3 Bxe3 7. fxe3 0-0 8. 0-0 d6 9. Nh4 Bg4 10. Qe1 Re8 11. h3 Bxh3 12. gxh3 Qd7 13. Qg3 Nh5 14. Qf3 Rf8 15. Qxh5 Qxh3 16. Rf3 Qc8 17. Rg3 g6 18. Nxg6 Re8 19. Ne7+ Kh8 20. Nxc8 Rexc8 21. Qxh6# 1-0

[Event "GER-ch U10"]
[Site "Willingen"]
[Date "2015.05.25"]
[Round "3"]
[White "Youness, Sali"]
[Black "Dietz, Kristin"]
[Result "0-1"]
[WhiteElo "897"]
[BlackElo "1249"]
[PlyCount "78"]
[EventDate "2015.05.24"]
[EventType "swiss"]
[EventRounds "11"]
[EventCountry "GER"]
[SourceTitle "CBM 166 Extra"]
[Source "ChessBase"]
[SourceDate "2015.06.18"]
[SourceVersion "1"]
[SourceVersionDate "2015.06.18"]
[SourceQuality "1"]

1. e4 c5 2. Nf3 d6 3. d4 cxd4 4. Nxd4 Nf6 5. Nc3 g6 6. Be3 Bg7 7. f3 Bd7 8. Qd2 Nc6 9. 0-0-0 0-0 10. h4 Qa5 11. Kb1 Rac8 12. h5 Nxh5 13. g4 Nf6 14. Qh2 h5 15. gxh5 Qxh5 16. Qg2 Qa5 17. Bh6 a6 18. Bxg7 Kxg7 19. Qh2 Rh8 20. Qg2 Rxh1 21. Qxh1 Rh8 22. Qg2 Qh5 23. Be2 Qh2 24. Nf5+ Bxf5 25. Qg5 Rh5 26. Qe3 Be6 27. a3 Qh3 28. Bf1 Qg3 29. Ne2 Qg5 30. f4 Qh6 31. Ng3 Rh2 32. Qf3 Bg4 33. Qd3 Bxd1 34. f5 Qd2 35. Qb3 Bxc2+ 36. Ka2 Bxb3+ 37. Kxb3 Qxb2+ 38. Ka4 b5+ 39. Bxb5 Qxb5# 0-1

[Event "GER-ch U10"]
[Site "Willingen"]
[Date "2015.05.24"]
[Round "2"]
[White "Youness, Sali"]
[Black "Pflugradt, Natalie"]
[Result "1-0"]
[WhiteElo "897"]
[BlackElo "1120"]
[PlyCount "91"]
[EventDate "2015.05.24"]
[EventType "swiss"]
[EventRounds "11"]
[EventCountry "GER"]
[SourceTitle "CBM 166 Extra"]
[Source "ChessBase"]
[SourceDate "2015.06.18"]
[SourceVersion "1"]
[SourceVersionDate "2015.06.18"]
[SourceQuality "1"]

1. e4 e5 2. Nf3 Nc6 3. Bc4 Bc5 4. Nc3 Nf6 5. d3 h6 6. Be3 Bb6 7. Nd5 d6 8. 0-0 Bg4 9. c3 Qd7 10. a4 0-0-0 11. b4 g5 12. a5 Bxe3 13. fxe3 Rdg8 14. Nxf6 Qe7 15. Nxg8 Rxg8 16. b5 Nd8 17. Qa4 h5 18. b6 a6 19. bxc7 Qxc7 20. Rab1 Bd7 21. Qa3 Be6 22. Bxa6 bxa6 23. Rb2 Nc6 24. Rfb1 Qe7 25. Qa4 Qe8 26. d4 exd4 27. cxd4 Bd7 28. Qd1 Qxe4 29. Qb3 Kd8 30. Qb6+ Ke7 31. Qc7 Rc8 32. Qb6 g4 33. Ng5 Qg6 34. Nxf7 Qxf7 35. Rf1 Qg6 36. Qxa6 g3 37. hxg3 Qxg3 38. Qd3 Rg8 39. Qh7+ Rg7 40. Qxh5 Qxe3+ 41. Rbf2 Bh3 42. Kh1 Be6 43. d5 Qd3 44. dxe6 Rh7 45. Rf7+ Kxe6 46. R1f6# 1-0